| 000 | 01308nam a22003738i 4500 | ||
|---|---|---|---|
| 001 | 020328801 | ||
| 003 | EG-ScBUE | ||
| 005 | 20220302120438.0 | ||
| 008 | 210907t2021 enka f b 001 0 eng d | ||
| 020 | _z9781292374062 (pbk.) | ||
| 020 | _a1292374063 | ||
| 040 |
_aStDuBDS _beng _erda _cStDuBDS _dEG-ScBUE |
||
| 082 | 0 | 4 |
_a004.6 _222 _bTAN |
| 100 | 1 |
_aTanenbaum, Andrew S., _d1944- _eauthor. _936862 |
|
| 245 | 1 | 0 |
_aComputer networks / _cAndrew S. Tanenbaum, Vrije University, Amsterdam, The Netherlands, Nick Feamster, University of Chicago, David Wetherall, Google. |
| 250 | _aSixth edition. | ||
| 250 | _aGlobal edition. | ||
| 264 | 1 |
_aHarlow : _bPearson, _c[2021] |
|
| 264 | 4 | _c©2021 | |
| 300 |
_axxii, 922 pages : _billustrations (black and white) ; _c30 cm |
||
| 336 |
_atext _2rdacontent _btxt |
||
| 336 |
_astill image _2rdacontent _btxt |
||
| 337 |
_acomputer _2rdamedia _bn |
||
| 338 |
_aonline resource _2rdacarrier _bnc |
||
| 504 | _aIncludes bibliographical references and index. | ||
| 650 | 7 |
_aComputer networks. _2BUEsh |
|
| 653 |
_bCOMSCI _cFebruary2022 |
||
| 655 |
_vReading book _934232 |
||
| 700 | 1 |
_aFeamster, Nick, _eauthor. |
|
| 700 | 1 |
_aWetherall, D. _q(David), _eauthor. _936863 |
|
| 776 | 0 | 8 |
_iPrint version : _z9781292374062 |
| 942 |
_2ddc _cBB |
||
| 999 |
_c29818 _d29789 |
||